00460 a2200133 4500020001500000082001500015100001900030245008200049260004200131300003000173650001300203999001500216952009500231 a9694072575 a954.91 SHA aSharrif, K, M. aPakistan Almanac 2002-2003 Essential Data on PakistancEdited by K. M. Shriff aPakistan :bRoyal Book Company,c2003 ax, 568p. :bill. ;c28 cm aPakistan c1873d1873 00104070aNITbNITcCEd0000-00-00l0o954.91 SHApNIT-2669 r2017-01-05w2017-01-05yBK